000 00732nam a22001937a 4500
003 JO-AjAnu
005 20241019121002.0
008 241019b jo ||||| |||| 00| 0 ara d
020 _a9789957608163
040 _aJO-AjAnu
_bara
_cJO-AjAnu
_dJO-AjAnu
_erda
041 _aara
_hara
100 1 _aالألوسي، صفا لطفي
_966335
245 0 _aقراءة جمالية وتاريخية في التطور في الفنون، الجزء الثالث /
_cتأليف صفا لطفي الآلوسي
250 _aالطبعة الاولى
260 _aعمان :
_bالدار المنهجية للنشر والتوزيع،
_c2016
300 _a192 صفحة
650 7 0 _aالفنون-الفلسفة
_966338
942 _2lcc
_cBK
_n0
999 _c33772
_d33772